[Event "MPJ_D18"]
[Site "?"]
[Date "2016.03.13"]
[Round "1.9"]
[White "Konopacka, Martyna"]
[Black "Ostrowska, Joanna"]
[Result "1-0"]
[BlackElo "1682"]
[WhiteElo "1905"]
[LiveChessVersion "1.4.8"]

1. e4 {[%clk 1:30:58]} e6 {[%clk 1:30:49]} 2. d4 {[%clk 1:31:08]} d5
{[%clk 1:30:54]} 3. exd5 {[%clk 1:30:54]} exd5 {[%clk 1:31:13]} 4. Bd3
{[%clk 1:31:19]} Nf6 {[%clk 1:29:48]} 5. Nf3 {[%clk 1:31:26]} Bd6
{[%clk 1:29:06]} 6. O-O {[%clk 1:31:11]} O-O {[%clk 1:29:31]} 7. Nbd2
{[%clk 1:25:05]} Nh5 {[%clk 1:15:32]} 8. c4 {[%clk 1:19:37]} Nf4 {[%clk 1:08:11]}
9. Bc2 {[%clk 1:17:54]} c6 {[%clk 1:00:35]} 10. Re1 {[%clk 1:12:07]} Bg4
{[%clk 0:52:06]} 11. c5 {[%clk 1:04:09]} Bc7 {[%clk 0:52:09]} 12. Nf1
{[%clk 0:53:50]} Qf6 {[%clk 0:42:45]} 13. Re3 {[%clk 0:51:35]} Na6
{[%clk 0:37:35]} 14. h3 {[%clk 0:48:14]} Bh5 {[%clk 0:35:55]} 15. Ng3
{[%clk 0:46:00]} Bg6 {[%clk 0:23:17]} 16. Bxg6 {[%clk 0:43:09]} fxg6
{[%clk 0:23:20]} 17. Qe1 {[%clk 0:40:04]} g5 {[%clk 0:19:44]} 18. Bd2
{[%clk 0:36:57]} Qg6 {[%clk 0:19:16]} 19. Qf1 {[%clk 0:31:53]} g4
{[%clk 0:14:41]} 20. hxg4 {[%clk 0:25:15]} Qxg4 {[%clk 0:14:38]} 21. Rae1
{[%clk 0:23:38]} Qg6 {[%clk 0:14:15]} 22. b4 {[%clk 0:13:08]} Nh5
{[%clk 0:12:43]} 23. Nxh5 {[%clk 0:09:46]} Qxh5 {[%clk 0:12:52]} 24. Ne5
{[%clk 0:09:27]} Rf4 {[%clk 0:09:59]} 25. g4 {[%clk 0:04:46]} Qe8
{[%clk 0:05:06]} 26. Qg2 {[%clk 0:04:21]} Rxd4 {[%clk 0:02:51]} 27. Bc3
{[%clk 0:02:58]} Re4 {[%clk 0:02:16]} 28. Rxe4 {[%clk 0:03:06]} dxe4
{[%clk 0:02:36]} 29. Qxe4 {[%clk 0:02:25]} Bxe5 {[%clk 0:02:06]} 30. Bxe5
{[%clk 0:02:48]} Qf7 {[%clk 0:02:09]} 31. Bd6 {[%clk 0:00:43]} Rc8
{[%clk 0:00:34]} 32. a3 {[%clk 0:00:42]} Nc7 {[%clk 0:00:55]} 33. Qe7
{[%clk 0:00:32]} Re8 {[%clk 0:01:07]} 34. Qxf7+ {[%clk 0:00:53]} Kxf7
{[%clk 0:01:30]} 35. Rxe8 {[%clk 0:01:05]} Nxe8 {[%clk 0:01:56]} 36. Bb8
{[%clk 0:01:17]} a6 {[%clk 0:02:18]} 37. Kg2 {[%clk 0:00:56]} Nf6
{[%clk 0:02:37]} 38. f3 {[%clk 0:00:45]} Nd5 {[%clk 0:02:57]} 39. Be5
{[%clk 0:00:51]} Ne3+ {[%clk 0:02:54]} 40. Kg3 {[%clk 0:30:43]} Nc2
{[%clk 0:32:34]} 41. Bb2 {[%clk 0:30:12]} Ne1 {[%clk 0:32:13]} 42. f4
{[%clk 0:28:58]} Nd3 {[%clk 0:32:00]} 43. Bc3 {[%clk 0:28:53]} g6
{[%clk 0:31:36]} 44. Kf3 {[%clk 0:28:48]} h5 {[%clk 0:29:27]} 45. Ke3
{[%clk 0:22:10]} h4 {[%clk 0:29:12]} 46. Kf3 {[%clk 0:18:14]} Ke6
{[%clk 0:26:48]} 47. Bd2 {[%clk 0:17:36]} Kd5 {[%clk 0:24:06]} 48. Kg2
{[%clk 0:12:54]} Ke4 {[%clk 0:24:08]} 49. Kh3 {[%clk 0:12:53]} Nxf4+
{[%clk 0:24:11]} 50. Bxf4 {[%clk 0:10:48]} Kxf4 {[%clk 0:24:26]} 51. Kxh4
{[%clk 0:11:16]} Kf3 {[%clk 0:23:50]} 52. Kg5 {[%clk 0:11:29]} Kg3
{[%clk 0:24:13]} 53. Kxg6 {[%clk 0:10:14]} Kxg4 {[%clk 0:24:39]} 54. Kf6
{[%clk 0:10:41]} Kf4 {[%clk 0:24:44]} 55. Ke6 {[%clk 0:11:08]} Ke4
{[%clk 0:25:02]} 56. Kd6 {[%clk 0:11:05]} Kd4 {[%clk 0:25:16]} 57. Kc7
{[%clk 0:11:57]} a5 {[%clk 0:25:34]} 58. Kxb7 {[%clk 0:12:15]} Ke4
{[%clk 0:23:30]} 1-0

[Event "MPJ_D18"]
[Site "?"]
[Date "2016.03.13"]
[Round "1.10"]
[White "Trybowska, Anna"]
[Black "Topolan, Agata"]
[Result "0-1"]
[BlackElo "1889"]
[WhiteElo "1573"]
[LiveChessVersion "1.4.8"]

1. d4 {[%clk 1:30:59]} d5 {[%clk 1:30:52]} 2. c4 {[%clk 1:31:19]} c6
{[%clk 1:31:20]} 3. Nc3 {[%clk 1:30:15]} Nf6 {[%clk 1:31:39]} 4. Bg5
{[%clk 1:30:28]} dxc4 {[%clk 1:31:08]} 5. e3 {[%clk 1:29:37]} b5 {[%clk 1:28:30]}
6. a4 {[%clk 1:28:27]} b4 {[%clk 1:24:12]} 7. Na2 {[%clk 1:27:48]} Ne4
{[%clk 1:24:12]} 8. Bf4 {[%clk 1:26:05]} b3 {[%clk 1:10:31]} 9. Nc3
{[%clk 1:25:13]} Nxc3 {[%clk 1:10:41]} 10. bxc3 {[%clk 1:25:33]} Bf5
{[%clk 1:08:17]} 11. Qc1 {[%clk 1:24:29]} Qd5 {[%clk 1:01:09]} 12. f3
{[%clk 1:22:27]} Bc2 {[%clk 0:59:51]} 13. e4 {[%clk 1:21:50]} Qe6
{[%clk 0:59:47]} 14. Nh3 {[%clk 1:19:37]} h6 {[%clk 0:58:45]} 15. Nf2
{[%clk 1:16:26]} f5 {[%clk 0:57:16]} 16. e5 {[%clk 1:12:37]} g5 {[%clk 0:56:19]}
17. Bd2 {[%clk 1:12:15]} Nd7 {[%clk 0:55:39]} 18. Nd1 {[%clk 1:11:50]} a5
{[%clk 0:50:07]} 19. Ne3 {[%clk 1:09:55]} Bd3 {[%clk 0:45:36]} 20. Bxd3
{[%clk 1:10:11]} cxd3 {[%clk 0:46:02]} 21. Qb1 {[%clk 1:09:24]} f4
{[%clk 0:45:14]} 22. Nd1 {[%clk 1:08:01]} Nxe5 {[%clk 0:43:21]} 23. O-O
{[%clk 1:08:13]} Nc4 {[%clk 0:39:22]} 24. Qxb3 {[%clk 1:06:28]} Qd5
{[%clk 0:39:50]} 25. Ra2 {[%clk 1:03:23]} Ra6 {[%clk 0:33:54]} 26. Qb8+
{[%clk 0:47:28]} Kf7 {[%clk 0:34:12]} 27. Re1 {[%clk 0:43:28]} Rb6
{[%clk 0:25:37]} 28. Qc7 {[%clk 0:39:48]} Rb1 {[%clk 0:25:42]} 29. Qa7
{[%clk 0:25:54]} Nb6 {[%clk 0:24:28]} 30. Rb2 {[%clk 0:23:49]} Rxb2
{[%clk 0:23:35]} 31. Nxb2 {[%clk 0:24:14]} Nc8 {[%clk 0:16:34]} 32. Qa6
{[%clk 0:19:32]} Bg7 {[%clk 0:15:24]} 33. Qxd3 {[%clk 0:18:58]} c5
{[%clk 0:15:12]} 34. Qc4 {[%clk 0:14:05]} Qxc4 {[%clk 0:15:01]} 35. Nxc4
{[%clk 0:14:31]} cxd4 {[%clk 0:15:05]} 36. Ne5+ {[%clk 0:12:18]} Bxe5
{[%clk 0:14:02]} 37. Rxe5 {[%clk 0:12:44]} Nb6 {[%clk 0:13:53]} 38. cxd4
{[%clk 0:11:41]} Nc4 {[%clk 0:13:49]} 39. Re2 {[%clk 0:11:48]} Nxd2
{[%clk 0:13:47]} 40. Rxd2 {[%clk 0:42:12]} Rb8 {[%clk 0:44:10]} 41. d5
{[%clk 0:36:53]} Rb4 {[%clk 0:44:17]} 42. d6 {[%clk 0:37:01]} exd6
{[%clk 0:39:23]} 43. Rxd6 {[%clk 0:37:26]} Kg7 {[%clk 0:39:40]} 44. Rd7+
{[%clk 0:37:13]} Kg6 {[%clk 0:40:04]} 45. Rd6+ {[%clk 0:37:40]} Kh5
{[%clk 0:40:25]} 46. g4+ {[%clk 0:35:56]} fxg3 {[%clk 0:40:46]} 47. hxg3
{[%clk 0:36:13]} Rxa4 {[%clk 0:37:05]} 48. Kh2 {[%clk 0:34:53]} g4
{[%clk 0:37:23]} 49. Rd5+ {[%clk 0:33:49]} Kg6 {[%clk 0:37:46]} 50. fxg4
{[%clk 0:34:10]} Ra1 {[%clk 0:37:18]} 51. Kg2 {[%clk 0:33:28]} a4
{[%clk 0:37:35]} 52. Ra5 {[%clk 0:33:52]} a3 {[%clk 0:37:38]} 53. Kf2
{[%clk 0:33:56]} a2 {[%clk 0:37:59]} 54. Ra6+ {[%clk 0:28:27]} Kg5
{[%clk 0:38:12]} 55. Ra4 {[%clk 0:28:46]} Rh1 {[%clk 0:38:22]} 0-1

[Event "MPJ_D18"]
[Site "?"]
[Date "2016.03.13"]
[Round "1.11"]
[White "Fraczek, Weronika"]
[Black "Pluta, Natalia"]
[Result "1-0"]
[BlackElo "1542"]
[WhiteElo "1825"]
[LiveChessVersion "1.4.8"]

1. e4 {[%clk 1:30:57]} c5 {[%clk 1:30:57]} 2. Nf3 {[%clk 1:31:19]} d6
{[%clk 1:31:06]} 3. d4 {[%clk 1:31:38]} cxd4 {[%clk 1:31:05]} 4. Nxd4
{[%clk 1:32:00]} Nf6 {[%clk 1:30:31]} 5. Nc3 {[%clk 1:32:17]} g6 {[%clk 1:30:21]}
6. Be3 {[%clk 1:32:10]} Bg7 {[%clk 1:29:21]} 7. f3 {[%clk 1:31:38]} O-O
{[%clk 1:29:16]} 8. Qd2 {[%clk 1:31:26]} Nc6 {[%clk 1:29:11]} 9. O-O-O
{[%clk 1:30:54]} d5 {[%clk 1:29:21]} 10. exd5 {[%clk 1:26:10]} Nxd5
{[%clk 1:29:40]} 11. Nxc6 {[%clk 1:26:15]} bxc6 {[%clk 1:30:05]} 12. Bd4
{[%clk 1:25:36]} Bxd4 {[%clk 1:11:27]} 13. Qxd4 {[%clk 1:25:49]} Qb6
{[%clk 1:11:45]} 14. Na4 {[%clk 1:15:35]} Qa5 {[%clk 1:03:26]} 15. b3
{[%clk 1:11:49]} e5 {[%clk 0:24:02]} 16. Qxe5 {[%clk 1:05:12]} Bf5
{[%clk 0:20:44]} 17. Qe1 {[%clk 0:55:51]} Qc7 {[%clk 0:17:51]} 18. Bd3
{[%clk 0:43:12]} Rfe8 {[%clk 0:14:08]} 19. Qg3 {[%clk 0:35:29]} Nf4
{[%clk 0:08:48]} 20. Kb1 {[%clk 0:35:27]} Bxd3 {[%clk 0:08:43]} 21. Rxd3
{[%clk 0:34:38]} Qe5 {[%clk 0:08:40]} 22. Rd7 {[%clk 0:29:01]} Qf5
{[%clk 0:08:14]} 23. Rd2 {[%clk 0:17:38]} Re3 {[%clk 0:03:24]} 24. Rhd1
{[%clk 0:13:48]} Kg7 {[%clk 0:03:19]} 25. Qg4 {[%clk 0:07:47]} Qe5
{[%clk 0:02:18]} 26. g3 {[%clk 0:06:45]} Nd5 {[%clk 0:01:59]} 27. Qd7
{[%clk 0:01:25]} Nc3+ {[%clk 0:01:26]} 28. Nxc3 {[%clk 0:01:52]} Qxc3
{[%clk 0:01:42]} 29. f4 {[%clk 0:01:53]} c5 {[%clk 0:01:58]} 30. Rd3
{[%clk 0:01:44]} Rxd3 {[%clk 0:02:21]} 31. Qxd3 {[%clk 0:02:05]} Qb4
{[%clk 0:02:33]} 32. Kb2 {[%clk 0:02:02]} a5 {[%clk 0:01:48]} 33. Qc3+
{[%clk 0:01:53]} Kg8 {[%clk 0:02:13]} 34. Rd5 {[%clk 0:00:44]} Rc8
{[%clk 0:01:57]} 35. Qxb4 {[%clk 0:01:04]} axb4 {[%clk 0:02:10]} 36. c3
{[%clk 0:00:49]} bxc3+ {[%clk 0:02:11]} 37. Kxc3 {[%clk 0:01:13]} Kf8
{[%clk 0:01:27]} 38. Kc4 {[%clk 0:01:28]} Ke7 {[%clk 0:01:06]} 39. Rxc5
{[%clk 0:01:41]} Ra8 {[%clk 0:01:15]} 40. a4 {[%clk 0:31:59]} Kd6
{[%clk 0:31:33]} 41. a5 {[%clk 0:31:28]} f5 {[%clk 0:29:31]} 42. b4
{[%clk 0:31:41]} Ra7 {[%clk 0:28:18]} 43. Rd5+ {[%clk 0:31:21]} Kc7
{[%clk 0:28:02]} 44. Kc5 {[%clk 0:30:55]} Ra6 {[%clk 0:27:28]} 45. Kb5
{[%clk 0:31:04]} Re6 {[%clk 0:27:15]} 46. a6 {[%clk 0:30:11]} Re1
{[%clk 0:24:19]} 47. Re5 {[%clk 0:29:36]} Ra1 {[%clk 0:23:19]} 48. Re7+
{[%clk 0:29:52]} 1-0

[Event "MPJ_D18"]
[Site "?"]
[Date "2016.03.13"]
[Round "1.12"]
[White "Knapik, Julia"]
[Black "Dwilewicz, Katarzyna"]
[Result "0-1"]
[BlackElo "1811"]
[WhiteElo "1527"]
[LiveChessVersion "1.4.8"]

1. e4 {[%clk 1:30:55]} e5 {[%clk 1:30:55]} 2. Nf3 {[%clk 1:31:11]} Nc6
{[%clk 1:31:20]} 3. Bc4 {[%clk 1:31:24]} Nf6 {[%clk 1:31:32]} 4. d3
{[%clk 1:31:10]} Be7 {[%clk 1:29:36]} 5. Nbd2 {[%clk 1:24:57]} O-O 6. O-O
{[%clk 1:24:10]} d6 {[%clk 1:29:12]} 7. c3 {[%clk 1:22:49]} a6 {[%clk 1:22:24]}
8. Bb3 {[%clk 1:21:56]} Na5 {[%clk 1:18:06]} 9. Bc2 {[%clk 1:20:29]} c5
{[%clk 1:18:23]} 10. Re1 {[%clk 1:19:20]} Re8 {[%clk 1:17:33]} 11. Nf1
{[%clk 1:17:38]} Bf8 {[%clk 1:12:49]} 12. Ng3 {[%clk 1:13:01]} g6
{[%clk 1:13:06]} 13. h3 {[%clk 1:05:21]} Bg7 {[%clk 1:12:30]} 14. Be3
{[%clk 1:04:32]} Qe7 {[%clk 1:08:10]} 15. Qd2 {[%clk 1:03:30]} b5
{[%clk 1:04:43]} 16. a4 {[%clk 0:43:37]} Bb7 {[%clk 0:56:15]} 17. Ra2
{[%clk 0:38:40]} Nc6 {[%clk 0:47:09]} 18. Rea1 {[%clk 0:34:20]} b4
{[%clk 0:46:06]} 19. a5 {[%clk 0:32:52]} Red8 {[%clk 0:41:01]} 20. Ba4
{[%clk 0:31:02]} bxc3 {[%clk 0:38:00]} 21. Qxc3 {[%clk 0:28:37]} Nb4 22. Ra3
{[%clk 0:27:39]} Rac8 {[%clk 0:34:21]} 23. Bb3 {[%clk 0:24:10]} h6
{[%clk 0:32:21]} 24. Qd2 {[%clk 0:23:36]} Kh7 {[%clk 0:32:16]} 25. Nh2
{[%clk 0:19:39]} d5 26. Bxd5 {[%clk 0:16:55]} Nfxd5 {[%clk 0:27:51]} 27. exd5
{[%clk 0:16:55]} Rxd5 {[%clk 0:27:51]} 28. Qe2 Rcd8 {[%clk 0:26:50]} 29. Ne4
{[%clk 0:12:50]} Nxd3 {[%clk 0:21:30]} 30. Nf3 {[%clk 0:12:50]} f5
{[%clk 0:21:30]} 31. Nc3 {[%clk 0:08:36]} R5d7 {[%clk 0:14:59]} 32. Na4
{[%clk 0:08:08]} e4 {[%clk 0:13:49]} 33. Ne1 {[%clk 0:07:48]} f4 {[%clk 0:12:25]}
34. Bc1 {[%clk 0:05:14]} f3 {[%clk 0:10:16]} 35. Nxf3 {[%clk 0:04:11]} exf3
{[%clk 0:10:13]} 36. Qxe7 {[%clk 0:03:26]} Rxe7 {[%clk 0:10:41]} 37. gxf3
{[%clk 0:03:07]} Re1+ {[%clk 0:10:56]} 0-1

[Event "MPJ_D18"]
[Site "?"]
[Date "2016.03.13"]
[Round "1.13"]
[White "Kopica, Paulina"]
[Black "Kotula, Magdalena"]
[Result "1-0"]
[BlackElo "1502"]
[WhiteElo "1786"]
[LiveChessVersion "1.4.8"]

1. e4 {[%clk 1:30:57]} c5 {[%clk 1:30:53]} 2. Nf3 {[%clk 1:31:23]} Nc6
{[%clk 1:31:18]} 3. d4 {[%clk 1:31:43]} cxd4 {[%clk 1:31:42]} 4. Nxd4
{[%clk 1:32:08]} Nf6 {[%clk 1:32:06]} 5. Nc3 {[%clk 1:32:25]} e5 {[%clk 1:32:27]}
6. Ndb5 {[%clk 1:32:43]} d6 {[%clk 1:32:46]} 7. Bg5 {[%clk 1:32:49]} a6
{[%clk 1:33:07]} 8. Na3 {[%clk 1:33:09]} b5 {[%clk 1:33:29]} 9. Nd5
{[%clk 1:33:18]} Be7 {[%clk 1:33:48]} 10. Bxf6 {[%clk 1:33:22]} Bxf6
{[%clk 1:34:08]} 11. c3 {[%clk 1:33:31]} Bg5 {[%clk 1:34:12]} 12. Nc2
{[%clk 1:33:34]} O-O {[%clk 1:34:03]} 13. a4 {[%clk 1:33:20]} bxa4
{[%clk 1:34:25]} 14. Rxa4 {[%clk 1:33:38]} a5 {[%clk 1:30:23]} 15. Bc4
{[%clk 1:32:47]} Rb8 {[%clk 1:30:47]} 16. Ra2 {[%clk 1:30:53]} Kh8
{[%clk 1:30:39]} 17. O-O {[%clk 1:30:46]} f5 {[%clk 1:30:51]} 18. exf5
{[%clk 1:30:07]} Bxf5 {[%clk 1:31:13]} 19. Nce3 {[%clk 1:29:19]} Bg6
{[%clk 1:31:19]} 20. Qe2 {[%clk 1:24:14]} e4 {[%clk 1:27:10]} 21. Rfa1
{[%clk 1:14:08]} Bh4 {[%clk 1:20:31]} 22. g3 {[%clk 1:01:44]} Bg5
{[%clk 1:11:17]} 23. Bb5 {[%clk 0:52:12]} Ne5 {[%clk 1:07:48]} 24. Rxa5
{[%clk 0:42:34]} Nf3+ {[%clk 1:04:30]} 25. Kh1 {[%clk 0:37:00]} Qc8
{[%clk 1:00:32]} 26. Kg2 {[%clk 0:32:31]} Bh5 {[%clk 0:46:13]} 27. Qc4
{[%clk 0:27:00]} Qe6 {[%clk 0:35:00]} 28. Ra7 {[%clk 0:04:36]} Ne5
{[%clk 0:20:02]} 29. Qf1 {[%clk 0:01:54]} Bxe3 {[%clk 0:14:58]} 30. Nxe3
{[%clk 0:02:10]} Qb3 {[%clk 0:14:14]} 31. Be2 {[%clk 0:01:21]} Bxe2
{[%clk 0:13:46]} 32. Qxe2 {[%clk 0:01:48]} Qxb2 {[%clk 0:12:59]} 33. Qxb2
{[%clk 0:00:48]} Rxb2 {[%clk 0:13:27]} 34. Nd1 {[%clk 0:01:04]} Rbb8
{[%clk 0:10:35]} 35. R7a4 {[%clk 0:00:56]} d5 {[%clk 0:09:41]} 36. Rd4
{[%clk 0:01:10]} Rbd8 {[%clk 0:08:32]} 37. Ra2 {[%clk 0:00:53]} Nf3
{[%clk 0:06:49]} 38. Rda4 {[%clk 0:01:04]} d4 {[%clk 0:05:42]} 39. cxd4
{[%clk 0:01:27]} Nxd4 {[%clk 0:03:35]} 40. Rd2 {[%clk 0:30:41]} Ne6
{[%clk 0:30:56]} 41. Rxd8 {[%clk 0:30:36]} Rxd8 {[%clk 0:28:01]} 42. Nc3
{[%clk 0:25:57]} Kg8 {[%clk 0:25:06]} 43. Nxe4 {[%clk 0:25:00]} Rd1
{[%clk 0:23:57]} 44. h4 {[%clk 0:21:52]} Rc1 {[%clk 0:22:49]} 45. Kf3
{[%clk 0:20:11]} h6 {[%clk 0:22:22]} 46. Kg4 {[%clk 0:18:13]} Rf1
{[%clk 0:20:58]} 47. Kf5 {[%clk 0:17:08]} Nf8 {[%clk 0:19:04]} 48. h5
{[%clk 0:14:27]} Rh1 {[%clk 0:16:04]} 49. g4 {[%clk 0:14:49]} Rf1
{[%clk 0:15:10]} 50. f4 {[%clk 0:11:40]} Rf3 {[%clk 0:12:35]} 51. Ra8
{[%clk 0:11:19]} Kf7 {[%clk 0:12:21]} 52. Nd6+ {[%clk 0:07:20]} Ke7
{[%clk 0:10:47]} 53. Nc4 {[%clk 0:06:59]} Nd7 {[%clk 0:09:53]} 54. Ra7
{[%clk 0:07:16]} Ke8 {[%clk 0:09:34]} 55. Rxd7 {[%clk 0:07:39]} 1-0

[Event "MPJ_D18"]
[Site "?"]
[Date "2016.03.13"]
[Round "1.14"]
[White "Godek, Martyna"]
[Black "Olechnicka, Karolina"]
[Result "0-1"]
[BlackElo "1776"]
[WhiteElo "1483"]
[LiveChessVersion "1.4.8"]

1. e4 {[%clk 1:30:57]} c5 {[%clk 1:30:59]} 2. Ne2 {[%clk 1:31:19]} d6
{[%clk 1:30:55]} 3. g3 {[%clk 1:31:04]} Nf6 {[%clk 1:30:40]} 4. Bg2
{[%clk 1:31:19]} e6 {[%clk 1:29:31]} 5. c3 {[%clk 1:31:00]} Nc6 {[%clk 1:26:02]}
6. O-O {[%clk 1:28:46]} Be7 {[%clk 1:24:13]} 7. d4 {[%clk 1:28:08]} cxd4
{[%clk 1:19:35]} 8. cxd4 {[%clk 1:28:30]} O-O {[%clk 1:18:41]} 9. Nbc3
{[%clk 1:28:20]} Qc7 {[%clk 1:05:10]} 10. h3 {[%clk 1:25:53]} a6 {[%clk 1:00:31]}
11. a4 {[%clk 1:20:35]} Rd8 {[%clk 0:53:10]} 12. Be3 {[%clk 1:19:30]} Na5
{[%clk 0:43:30]} 13. b3 {[%clk 1:15:38]} Bd7 {[%clk 0:25:35]} 14. Rc1
{[%clk 1:11:57]} Qb6 {[%clk 0:25:24]} 15. d5 {[%clk 1:08:39]} Qb4
{[%clk 0:21:33]} 16. f4 {[%clk 0:57:45]} Rac8 {[%clk 0:19:35]} 17. Na2
{[%clk 0:51:26]} Qxb3 {[%clk 0:18:28]} 18. Qxb3 {[%clk 0:49:19]} Nxb3
{[%clk 0:18:56]} 19. Rb1 {[%clk 0:48:45]} Nc5 {[%clk 0:19:16]} 20. Bxc5
{[%clk 0:48:35]} Rxc5 {[%clk 0:16:23]} 21. Rxb7 {[%clk 0:40:51]} exd5
{[%clk 0:16:24]} 22. exd5 {[%clk 0:40:27]} Nxd5 {[%clk 0:16:17]} 23. Bxd5
{[%clk 0:40:22]} Rxd5 {[%clk 0:16:41]} 24. Nec3 {[%clk 0:40:07]} Rd3
{[%clk 0:16:33]} 25. Kh2 {[%clk 0:32:16]} Rd2+ {[%clk 0:15:08]} 26. Kg1
{[%clk 0:31:22]} Bf6 {[%clk 0:14:24]} 27. h4 {[%clk 0:28:42]} Bd4+
{[%clk 0:14:42]} 28. Rf2 {[%clk 0:27:13]} Bxf2+ {[%clk 0:14:52]} 29. Kh2
{[%clk 0:26:08]} Bd4+ {[%clk 0:15:12]} 0-1

[Event "MPJ_D18"]
[Site "?"]
[Date "2016.03.13"]
[Round "1.15"]
[White "Burakowska, Gabriela"]
[Black "Stochnialek, Dominika"]
[Result "1-0"]
[BlackElo "1448"]
[WhiteElo "1765"]
[LiveChessVersion "1.4.8"]

1. e4 {[%clk 1:30:57]} c5 {[%clk 1:30:56]} 2. Nf3 {[%clk 1:31:21]} d6
{[%clk 1:31:22]} 3. d4 {[%clk 1:31:47]} cxd4 {[%clk 1:31:49]} 4. Nxd4
{[%clk 1:32:13]} Nf6 {[%clk 1:32:16]} 5. Nc3 {[%clk 1:32:37]} g6 {[%clk 1:32:43]}
6. Be3 {[%clk 1:33:02]} Bg7 {[%clk 1:33:09]} 7. f3 {[%clk 1:33:29]} O-O
{[%clk 1:33:19]} 8. Qd2 {[%clk 1:33:32]} Nc6 {[%clk 1:33:39]} 9. O-O-O
{[%clk 1:33:17]} d5 {[%clk 1:32:10]} 10. exd5 {[%clk 1:33:12]} Nxd5
{[%clk 1:31:16]} 11. Nxc6 {[%clk 1:32:44]} bxc6 {[%clk 1:31:41]} 12. Bd4
{[%clk 1:33:12]} Bxd4 {[%clk 1:29:22]} 13. Qxd4 {[%clk 1:30:42]} Qb6
{[%clk 1:26:35]} 14. Nxd5 {[%clk 1:28:26]} cxd5 {[%clk 1:26:28]} 15. Kb1
{[%clk 1:17:10]} Qc7 {[%clk 0:48:37]} 16. Bd3 {[%clk 1:13:56]} Rb8
{[%clk 0:28:34]} 17. Rde1 {[%clk 1:08:12]} Be6 {[%clk 0:21:40]} 18. h4
{[%clk 1:04:45]} Qb6 {[%clk 0:14:48]} 19. Qxb6 {[%clk 1:03:13]} Rxb6
{[%clk 0:15:12]} 20. h5 {[%clk 1:02:51]} Rfb8 {[%clk 0:14:24]} 21. b3
{[%clk 1:03:14]} Kf8 {[%clk 0:04:45]} 22. Re5 {[%clk 0:58:37]} Ke8
{[%clk 0:00:47]} 23. Rhe1 {[%clk 0:56:34]} Kd7 {[%clk 0:00:33]} 24. g4
{[%clk 0:56:08]} f6 {[%clk 0:00:33]} 25. R5e2 {[%clk 0:56:18]} Rg8
{[%clk 0:00:31]} 26. a4 {[%clk 0:54:24]} a6 {[%clk 0:01:00]} 27. Kb2
{[%clk 0:53:22]} Rg7 {[%clk 0:00:37]} 28. a5 {[%clk 0:52:52]} Rd6
{[%clk 0:00:39]} 29. b4 {[%clk 0:52:34]} gxh5 {[%clk 0:00:35]} 30. Rxe6
{[%clk 0:51:52]} Rxe6 {[%clk 0:00:37]} 31. Bf5 {[%clk 0:52:17]} hxg4
{[%clk 0:00:57]} 32. fxg4 {[%clk 0:52:33]} Kc6 {[%clk 0:00:50]} 33. Rxe6+
{[%clk 0:52:53]} Kb5 {[%clk 0:01:12]} 34. Kb3 {[%clk 0:53:11]} d4
{[%clk 0:01:15]} 35. Bd3# {[%clk 0:53:30]} 1-0

[Event "MPJ_D18"]
[Site "?"]
[Date "2016.03.13"]
[Round "1.16"]
[White "Walkowiak, Bogumila"]
[Black "Murawko, Julia"]
[Result "0-1"]
[BlackElo "1758"]
[WhiteElo "1265"]
[LiveChessVersion "1.4.8"]

1. e4 {[%clk 1:30:57]} c5 {[%clk 1:30:54]} 2. Nf3 {[%clk 1:31:22]} e6
{[%clk 1:31:19]} 3. d4 {[%clk 1:31:41]} cxd4 {[%clk 1:31:44]} 4. Nxd4
{[%clk 1:32:00]} a6 {[%clk 1:32:10]} 5. Be3 {[%clk 1:12:33]} Qc7 {[%clk 1:32:26]}
6. Be2 {[%clk 1:03:45]} Nf6 {[%clk 1:32:42]} 7. Nd2 {[%clk 1:00:50]} d5
{[%clk 1:32:03]} 8. f3 {[%clk 0:34:34]} Bc5 {[%clk 1:22:37]} 9. c3
{[%clk 0:25:14]} O-O {[%clk 1:19:29]} 10. Qc2 {[%clk 0:19:21]} Nbd7
{[%clk 1:07:09]} 11. O-O-O {[%clk 0:17:29]} b5 {[%clk 1:05:05]} 12. g4
{[%clk 0:13:10]} dxe4 {[%clk 1:02:50]} 13. Nxe4 {[%clk 0:11:39]} Nxe4
{[%clk 1:02:54]} 14. Qxe4 {[%clk 0:10:25]} Bb7 {[%clk 1:02:52]} 15. Qc2
{[%clk 0:08:44]} Nf6 {[%clk 0:57:00]} 16. h3 {[%clk 0:06:13]} Nd5
{[%clk 0:56:32]} 17. Bg1 {[%clk 0:04:57]} Rac8 {[%clk 0:51:23]} 18. Kb1
{[%clk 0:04:48]} Rfd8 {[%clk 0:39:11]} 19. Bh2 {[%clk 0:01:47]} Qb6
{[%clk 0:39:06]} 20. Bg1 {[%clk 0:02:32]} Nf4 {[%clk 0:38:26]} 21. Be3
{[%clk 0:01:52]} Nxe2 {[%clk 0:35:38]} 22. Qxe2 {[%clk 0:02:16]} b4
{[%clk 0:35:11]} 23. Ka1 {[%clk 0:01:33]} bxc3 {[%clk 0:34:04]} 24. bxc3
{[%clk 0:01:33]} Qa5 {[%clk 0:31:54]} 25. Rc1 {[%clk 0:01:19]} Ba3
{[%clk 0:31:23]} 26. Nb3 {[%clk 0:01:06]} Qe5 {[%clk 0:30:29]} 27. Rc2
{[%clk 0:01:02]} Rxc3 {[%clk 0:24:11]} 28. Bd4 {[%clk 0:00:46]} Qxe2
{[%clk 0:24:06]} 29. Rxe2 {[%clk 0:01:14]} Rd3 {[%clk 0:24:13]} 30. Ree1
{[%clk 0:00:40]} Bxf3 {[%clk 0:23:36]} 31. Rh2 {[%clk 0:00:36]} e5
{[%clk 0:22:50]} 32. Bb2 {[%clk 0:00:35]} Rd1+ {[%clk 0:19:03]} 33. Rxd1
{[%clk 0:01:02]} Rxd1+ {[%clk 0:19:29]} 34. Nc1 {[%clk 0:01:16]} Bxb2+
{[%clk 0:19:10]} 35. Kxb2 {[%clk 0:01:39]} e4 {[%clk 0:19:10]} 36. Kc2
{[%clk 0:01:32]} Rd6 {[%clk 0:18:49]} 37. Rf2 {[%clk 0:00:45]} Bd1+
{[%clk 0:18:20]} 38. Kb2 {[%clk 0:00:36]} g6 {[%clk 0:16:39]} 39. Rf1
{[%clk 0:30:32]} Bf3 {[%clk 0:45:05]} 40. Re1 {[%clk 0:30:48]} f5
{[%clk 0:45:20]} 41. gxf5 {[%clk 0:30:16]} gxf5 {[%clk 0:45:45]} 42. Nb3
{[%clk 0:30:25]} Rd1 {[%clk 0:43:10]} 43. Re3 {[%clk 0:29:26]} f4
{[%clk 0:43:21]} 44. Rc3 {[%clk 0:29:39]} e3 {[%clk 0:42:45]} 45. Nc1
{[%clk 0:27:07]} e2 {[%clk 0:42:41]} 0-1

[Event "MPJ_D18"]
[Site "?"]
[Date "2016.03.14"]
[Round "2.1"]
[White "Topolan, Agata"]
[Black "Wozniak, Mariola"]
[Result "0-1"]
[BlackElo "2154"]
[WhiteElo "1889"]
[LiveChessVersion "1.4.8"]

1. c4 {[%clk 1:30:59]} e5 {[%clk 1:30:53]} 2. Nc3 {[%clk 1:31:20]} Nc6
{[%clk 1:31:19]} 3. e3 {[%clk 1:31:21]} d6 {[%clk 1:30:42]} 4. g3
{[%clk 1:30:54]} g6 {[%clk 1:31:07]} 5. Bg2 {[%clk 1:31:17]} Bg7 {[%clk 1:31:32]}
6. Nge2 {[%clk 1:31:20]} Be6 {[%clk 1:31:56]} 7. b3 {[%clk 1:30:31]} Qd7
{[%clk 1:29:21]} 8. O-O {[%clk 1:27:25]} h5 {[%clk 1:21:54]} 9. Re1
{[%clk 1:24:27]} Bh3 {[%clk 1:14:52]} 10. Bh1 {[%clk 1:24:02]} Nf6
{[%clk 1:11:22]} 11. d4 {[%clk 1:20:39]} h4 {[%clk 1:06:28]} 12. dxe5
{[%clk 1:14:05]} Nxe5 {[%clk 1:04:17]} 13. Nd4 {[%clk 1:11:16]} hxg3
{[%clk 0:58:09]} 14. hxg3 {[%clk 1:11:24]} Bf1 {[%clk 0:45:08]} 15. Kxf1
{[%clk 1:06:46]} Rxh1+ {[%clk 0:45:20]} 16. Ke2 {[%clk 1:07:15]} Rh2
{[%clk 0:42:49]} 17. Rf1 {[%clk 0:58:59]} O-O-O {[%clk 0:39:46]} 18. Kd2
{[%clk 0:56:26]} Nfg4 {[%clk 0:35:47]} 19. Qe2 {[%clk 0:56:10]} Nxe3
{[%clk 0:35:22]} 20. Rg1 {[%clk 0:50:34]} N5g4 {[%clk 0:31:58]} 0-1